| 000 | 00443nam a2200181Ia 4500 | ||
|---|---|---|---|
| 003 | OSt | ||
| 005 | 20260401104350.0 | ||
| 008 | 250729s2011 xx 000 0 und d | ||
| 040 | _cAL | ||
| 041 | _akan | ||
| 082 | _a494.50 KART | ||
| 100 |
_aKarnataka Govt _9230779 |
||
| 245 | _aThili gannada - VIII Th Std | ||
| 260 |
_aBangalore _bKarnataka Text Book Socity _c2011 |
||
| 300 | _a106p | ||
| 650 |
_aKannada _9230780 |
||
| 942 |
_2ddc _cBED |
||
| 999 |
_c238952 _d238952 |
||